Szczegóły MARC21

Mikroekonomia : przewodnik dla studentów /

005 -DATA I CZAS OSTATNIEJ MODYFIKACJI [,]
    • @
    • pole kontrolne
    • 20070712133858.0
020 -Międzynarod. znormalizowany nr książki - ISBN [ , ]
    • a
    • Numer ISBN
    • 8391332780 Find
040 -Instytucja sporządzająca opis [ , ]
    • a
    • Instytucja, która sporządziła opis (NP)
    • SZCZ U
    • c
    • Instytucja, która sporządziła rekord (NP)
    • SZCZ U
    • d
    • Instytucja, która zmodyfikowała rekord (P)
    • SZCZ U/OG
041 -Język dokumentu [0, ]
    • a
    • Język tekstu (P)
    • polski
044 -Kraj miejsca wydania [ , ]
    • a
    • Kraj miejsca wydania
    • Polska
942 -Rodzaj dokumentu [ , ]
    • c
    • Rodzaj dokumentu
    • Książka
100 -Hasło główne - nazwa osobowa [1, ]
    • a
    • Nazwa osobowa (NP)
    • Drela, Karolina.
    • 9
    • KHW
    • 450
245 -Strefa tytułu i oznaczenia odpowiedzialności [1,0]
    • a
    • Tytuł
    • Mikroekonomia : Find
    • b
    • Ciąg dalszy tytułu (NP)
    • przewodnik dla studentów / Find
    • c
    • Pozostałe elementy strefy tytułu i oznaczenia odpowiedzialności (NP)
    • Karolina Drela, Agnieszka Kiernożycka-Sobejko, Przemysław Pluskota.
250 -Strefa wydania [ , ]
    • a
    • Oznaczenie wydania (NP)
    • [Wyd. 2 zm.].
260 -Strefa adresu wydawniczego [ , ]
    • a
    • Miejsce wydania (P)
    • Szczecin :
    • b
    • Nazwa wydawcy (P)
    • Economicus,
    • c
    • Data wydania (P)
    • 2004.
300 -Strefa opisu fizycznego [ , ]
    • a
    • Określenie formy książki i/lub objętość (NP)
    • 274 s. :
    • b
    • Oznaczenie ilustracji (NP)
    • il., wykr. ;
    • c
    • Format (NP)
    • 24 cm.
080 -Uniwersalna Klasyfikacja Dziesiętna [ , ]
    • 2
    • Identyfikator wydania tablic
    • UDC-P022
    • a
    • Symbol klasyfikacji
    • 330.101.542
    • b
    • Dopowiedzenie
    • Mikroekonomia.
    • x
    • Poddział wspólny
    • (075.8)
    • b
    • Dopowiedzenie
    • (Podręczniki dla szkół wyższych. Skrypty).
980 -Symbol UKD [ , ]
    • a
    • UKD
    • 330.101.542(075.8)
700 -Hasło dodatkowe - nazwa osobowa [1, ]
    • a
    • Nazwa osobowa (NP)
    • Kiernożycka-Sobejko, Agnieszka. Find
    • 9
    • KHW
    • 451
700 -Hasło dodatkowe - nazwa osobowa [1, ]
    • a
    • Nazwa osobowa (NP)
    • Pluskota, Przemysław. Find
    • 9
    • KHW
    • 65366
920 -ISBN [ , ]
    • a
    • ISBN
    • 83-913327-8-0 Find
Sygnatura Numer inwentarzowy Status udost. Lokalizacja Data inwentaryzacji
33GW.5909-2GW2016-02-17
 T.84102T2005-02-24
TM.2947TM.2947-3T2005-02-24
TM.2948TM.2948-3T2005-02-24
TM.3160TM.3160-3T2005-04-07
TM.3161TM.3161-3T2005-04-07
TM.3162TM.3162-3T2005-04-07
TM.3163TM.3163-3T2005-04-07
TM.3164TM.3164-3T2005-04-07
TM.3871TM.3871-3T2006-02-15
TM.3872TM.3872-3T2006-02-15
TM.3873TM.3873-3T2006-02-15
TM.3874TM.3874-6T2006-02-15
TM.4035TM.4035-3T2006-05-29
TM.4651TM.4651-3T2007-07-06
TM.4767TM.4767-3T2007-08-27
TM.4821TM.4821-3T2007-08-28
TM.5323TM.5323-3T2008-03-10
TM.5872TM.5872-3T2008-08-28
TM.5987TM.5987-3T2008-11-13
TM.6915TM.6915-3T2009-11-04
TM.7196TM.7196-3T2010-05-20
TM.11310TM.11310-3T2014-06-04
TM.4097TM.4097-6T2006-05-31
TM.4766TM.4766-6T2007-08-27
TM.5324TM.5324-6T2008-03-10
TM.3870TM.3870-6T2006-02-15
TM.4822TM.4822-6T2007-08-28